00589 2200205 4500001002100000005001700021008004100038020001800079035002400097082000800121090002000129100002300149245006700172260004600239300003100285504001700316650001200333700001700345999002100362YOGYA-0411000000180320110421075924.0 ind  a979-8681-49-5 0010-041100000001803 a264 a264bHad SlDEP aHADI, Y. Sumandiyo aSeni dalam ritual agamabY. Sumandiyo Hadiceditor Ana Samhuri aYogyakartabYayasan untuk Indonesiac2000 axxvib391 hlmcilusd21 cm ahlm. 373-390 aLiturgi aSamhuri, Ana aCB-D.11 2000-409